[Event "AUTO-OPEN-2587"]
[Site "http://www.queenalice.com/game.php?id=1170761"]
[Date "2013.4.12"]
[Round "2"]
[White "R0ni"]
[Black "Constante"]
[Result "1-0"]
[WhiteElo "2651"]
[BlackElo "2007"]

1. d4 Nf6 2. Nc3 d5 3. Bg5 Nbd7 4. e3 e6 5. Nf3 Be7 6. Bd3 c5 7. O-O O-O 8. a3
a6 9. Qd2 Qc7 10. Bf4 Qb6 11. b3 Qd8 12. h3 1-0

[Event "AUTO-OPEN-2587"]
[Site "http://www.queenalice.com/game.php?id=1170762"]
[Date "2013.4.12"]
[Round "2"]
[White "Constante"]
[Black "R0ni"]
[Result "0-1"]
[WhiteElo "2009"]
[BlackElo "2650"]

1. e4 e5 2. Nf3 Nf6 3. d4 Nxe4 4. Bd3 d5 5. Nxe5 Be7 6. O-O Nd7 7. c4 Nxe5 8.
dxe5 c6 9. cxd5 Qxd5 10. Qe2 Bf5 11. Re1 Ng3 12. hxg3 Qxd3 0-1

[Event "Challenge"]
[Site "http://www.queenalice.com/game.php?id=1178414"]
[Date "2013.5.4"]
[Round "-"]
[White "R0ni"]
[Black "Lordofchess"]
[Result "1-0"]
[WhiteElo "2649"]
[BlackElo "1214"]

1. e4 Nc6 2. d4 h6 3. d5 Ne5 4. f4 Ng6 5. Nc3 e6 6. dxe6 fxe6 7. Qh5 Qf6 8. f5
exf5 9. Nd5 Qe5 10. Qxg6+ Kd8 11. Qxf5 Qe8 12. Be2 g6 13. Qf4 Bd6 14. Qh4+ g5
15. Bxg5+ hxg5 16. Qxh8 Bc5 17. Qg7 d6 18. Qxc7# 1-0

[Event "Challenge"]
[Site "http://www.queenalice.com/game.php?id=1178419"]
[Date "2013.5.4"]
[Round "-"]
[White "Lordofchess"]
[Black "R0ni"]
[Result "0-1"]
[WhiteElo "1212"]
[BlackElo "2653"]

1. e4 e5 2. Nf3 Nc6 3. Bb5 Bc5 4. Qe2 Nge7 5. Bd3 O-O 6. Ng5 Ng6 7. Bc4 Qxg5 8.
h4 Qxg2 9. d3 Qxh1+ 10. Kd2 Nxh4 11. Na3 Nf3+ 12. Kc3 Bb4+ 13. Kb3 Nfd4+ 14. Ka4
Nxe2 15. Nb5 a6 16. Nxc7 b5+ 17. Bxb5 axb5+ 18. Kxb5 Ra5+ 19. Kc4 Ba6+ 20. Kb3
Ned4# 0-1

[Event "Challenge"]
[Site "http://www.queenalice.com/game.php?id=1178421"]
[Date "2013.5.4"]
[Round "-"]
[White "TIKAR"]
[Black "R0ni"]
[Result "0-1"]
[WhiteElo "1738"]
[BlackElo "2645"]

1. e4 e5 2. Nf3 Nf6 3. Nc3 Nc6 4. Bc4 Bc5 5. h3 d6 6. a3 a6 7. O-O O-O 8. b4 Bd4
9. Nxd4 exd4 10. Nd5 Nxe4 11. d3 Nc3 12. Nxc3 dxc3 13. Qf3 Nd4 14. Qe4 c5 15.
Be3 Re8 16. Bxf7+ Kxf7 17. Qf4+ Qf6 18. bxc5 Ne2+ 0-1

[Event "Challenge"]
[Site "http://www.queenalice.com/game.php?id=1178424"]
[Date "2013.5.4"]
[Round "-"]
[White "ROYANDROLL"]
[Black "R0ni"]
[Result "0-1"]
[WhiteElo "1230"]
[BlackElo "2650"]

1. e3 d5 2. Qh5 Nf6 3. Qf5 Bxf5 4. Bb5+ Nbd7 5. Nf3 Bxc2 6. Na3 Be4 7. Bxd7+
Nxd7 8. d4 e5 9. Bd2 Bxa3 10. Nxe5 Nxe5 11. O-O-O Nd3+ 12. Kb1 Nb4+ 13. Ka1 Nc2+
14. Kb1 Nxd4+ 15. Kc1 Ne2# 0-1

[Event "Challenge"]
[Site "http://www.queenalice.com/game.php?id=1178427"]
[Date "2013.5.4"]
[Round "-"]
[White "R0ni"]
[Black "ROYANDROLL"]
[Result "1-0"]
[WhiteElo "2651"]
[BlackElo "1255"]

1. e4 Nc6 2. d4 e6 3. c3 Qh4 4. Bd3 Nf6 5. Nf3 Qg4 6. e5 Nh5 7. h3 Qxg2 8. Rh2
Qxh2 9. Nxh2 g6 10. Be2 Be7 11. Bxh5 gxh5 12. Qxh5 O-O 13. Bh6 Re8 14. Qg4+ Kh8
15. Qg7# 1-0

[Event "Challenge"]
[Site "http://www.queenalice.com/game.php?id=1179226"]
[Date "2013.5.7"]
[Round "-"]
[White "ROYANDROLL"]
[Black "R0ni"]
[Result "0-1"]
[WhiteElo "1233"]
[BlackElo "2646"]

1. e4 d5 2. d3 e6 3. Nc3 Nc6 4. Qh5 Nf6 5. Qh4 Be7 6. Bg5 O-O 7. Nf3 h6 8. Bf4
Nb4 9. O-O-O Nxe4 10. Qg3 Nxg3 11. Bxg3 f5 12. a3 f4 13. Bh4 Nxd3+ 14. cxd3 Bxh4
15. Nxh4 Qxh4 16. g3 fxg3 17. fxg3 Qd4 18. Bh3 Rf2 19. Rd2 Qe3 20. Rd1 Rxh2 21.
Ne2 Rxe2 22. Bf1 Qc5+ 23. Rc2 Qxc2# 0-1

[Event "Challenge"]
[Site "http://www.queenalice.com/game.php?id=1179932"]
[Date "2013.5.9"]
[Round "-"]
[White "Lordofchess"]
[Black "R0ni"]
[Result "0-1"]
[WhiteElo "1186"]
[BlackElo "2649"]

1. e4 d5 2. Qe2 dxe4 3. Qxe4 Nf6 4. Qa4+ Nc6 5. Bc4 e6 6. Be2 Bd7 7. d3 e5 8.
Be3 Nb4 9. Qa5 Nxc2+ 10. Kd1 Nxa1 11. Qxe5+ Qe7 12. Qxc7 Ba4+ 13. b3 Qxc7 14.
Nf3 Qc2+ 15. Ke1 Qxb1+ 16. Kd2 Bb4# 0-1

[Event "Challenge"]
[Site "http://www.queenalice.com/game.php?id=1181218"]
[Date "2013.5.14"]
[Round "-"]
[White "Oscar1961"]
[Black "R0ni"]
[Result "0-1"]
[WhiteElo "1296"]
[BlackElo "2647"]

1. e4 e5 2. Nf3 Nf6 3. Nxe5 d6 4. Nc4 Nxe4 5. Bd3 d5 6. Ne3 Nc5 7. O-O Nxd3 8.
cxd3 d4 9. Nc4 Nc6 10. a3 Qd5 11. b4 Bf5 12. Qc2 b5 13. Na5 Ne5 14. Nb3 Bxd3 15.
Qxc7 Bd6 16. Qa5 Nf3+ 17. gxf3 Qg5+ 18. Kh1 Qf4 19. Re1+ Kf8 20. Re5 Bxe5 21.
Qd8+ Rxd8 22. Nxd4 Qxh2# 0-1

[Event "Challenge"]
[Site "http://www.queenalice.com/game.php?id=1181944"]
[Date "2013.5.16"]
[Round "-"]
[White "jamesxirb"]
[Black "R0ni"]
[Result "0-1"]
[WhiteElo "1443"]
[BlackElo "2648"]

1. e4 e5 2. d4 exd4 3. Qxd4 Nc6 4. Qe3 Nf6 5. f3 Bb4+ 6. c3 Ba5 7. b4 Bb6 8. Qe2
O-O 9. e5 Nxe5 10. Qxe5 Re8 11. f4 Rxe5+ 12. fxe5 Ng4 13. Bf4 Nf2 14. Bg5 Qxg5
15. Nf3 Qc1+ 16. Ke2 Qe3# 0-1

[Event "Challenge"]
[Site "http://www.queenalice.com/game.php?id=1181946"]
[Date "2013.5.16"]
[Round "-"]
[White "zmanomega"]
[Black "R0ni"]
[Result "1/2-1/2"]
[WhiteElo "1610"]
[BlackElo "2654"]

1. d4 Nf6 2. c4 e6 3. Nf3 b6 4. g3 Bb7 5. Bg2 Be7 6. Nc3 Ne4 7. Bd2 Bf6 8. Qc2
Nxd2 9. Qxd2 O-O 10. O-O d6 11. e4 Nd7 12. d5 Bxc3 13. Qxc3 e5 14. Nh4 Qg5 15.
Nf5 Rfe8 16. f3 a5 17. Qc1 Qxc1 18. Rfxc1 Nc5 19. Rab1 Bc8 20. h4 Bxf5 21. exf5
e4 22. fxe4 Nxe4 23. Bxe4 Rxe4 24. Rc2 Rae8 25. Rf1 h5 26. f6 Re2 27. Rxe2 Rxe2
28. Rf2 Rxf2 29. Kxf2 gxf6 30. Ke3 Kg7 31. Ke4 Kg6 32. b3 f5+ 33. Kf3 Kg7 34. a3
Kf6 35. Kf4 Kg6 36. Ke3 Kh6 37. Kf4 Kg6 38. Ke3 Kg7 39. Kf3 Kf6 40. Kf4 Kg6
1/2-1/2

[Event "Challenge"]
[Site "http://www.queenalice.com/game.php?id=1182826"]
[Date "2013.5.19"]
[Round "-"]
[White "R0ni"]
[Black "ROYANDROLL"]
[Result "1-0"]
[WhiteElo "2652"]
[BlackElo "1194"]

1. e4 e5 2. f4 Nc6 3. Nf3 Nd4 4. Nxe5 Qh4+ 5. g3 Qf6 6. c3 Nc6 7. d4 d6 8. Nxc6
bxc6 9. Nd2 Qg6 10. Bg2 Bg4 11. Qb3 Nf6 12. Qb7 Rd8 13. Qxc6+ Rd7 14. h3 Be6 15.
Nf1 Be7 16. f5 Bxf5 17. exf5 Qxf5 18. Ne3 Qe6 19. Qa8+ Rd8 20. Qxa7 O-O 21. O-O
Rd7 22. d5 Qe5 23. Nf5 c5 24. Qa4 g6 25. Nxe7+ Rxe7 26. Bf4 Qe2 27. Rf2 Qd3 28.
Bxd6 Ree8 29. Bxf8 Rxf8 30. Rxf6 Qe3+ 31. Kh2 Kg7 32. Raf1 Qe2 33. d6 Qxb2 34.
Qc4 Qb7 35. Bxb7 Kg8 36. Rxf7 Rb8 37. Rf8+ 1-0

[Event "Challenge"]
[Site "http://www.queenalice.com/game.php?id=1186708"]
[Date "2013.6.1"]
[Round "-"]
[White "Lordofchess"]
[Black "R0ni"]
[Result "0-1"]
[WhiteElo "1193"]
[BlackElo "2648"]

1. e4 e6 2. Nc3 d5 3. d3 Nc6 4. exd5 exd5 5. Qe2+ Be6 6. Be3 d4 7. Bxd4 Nxd4 8.
Qd2 Nf6 9. O-O-O Be7 10. a3 Bb3 11. cxb3 Nxb3+ 12. Kc2 Nxd2 13. Rxd2 Nd5 14. Na4
Qd7 15. Nc3 Nxc3 16. Kxc3 Qc6+ 17. Kb3 Qb6+ 18. Ka2 Qe6+ 19. Kb1 Qb6 20. Nf3
Bxa3 21. Re2+ Kf8 22. d4 Be7 23. Rc2 Bf6 24. Rd2 Rd8 25. Bc4 Qb4 26. Ba2 Rxd4
27. Nxd4 Qxd2 28. Nc2 b5 29. Bb3 a5 30. g4 a4 31. Rd1 Qxd1+ 0-1

[Event "AUTO-OPEN-2587"]
[Site "http://www.queenalice.com/game.php?id=1206138"]
[Date "2013.8.8"]
[Round "3"]
[White "R0ni"]
[Black "chein"]
[Result "0-1"]
[WhiteElo "2654"]
[BlackElo "2229"]

1. d4 Nf6 2. c4 g6 3. Nc3 d5 4. Bf4 Bg7 5. e3 O-O 6. Nf3 c5 7. dxc5 Ne4 8. Nxd5
Na6 9. Qc2 Bf5 10. O-O-O Ng3 11. Bd3 Bxd3 12. Rxd3 Nxh1 13. Rd1 Nxc5 14. Rxh1 e6
15. Nc7 Nd3+ 16. Kb1 Nxf4 17. Nxa8 Nxg2 18. Rg1 Qf6 19. Nd4 Nh4 20. Nc7 a6 21.
Qe4 Qxf2 22. Rc1 Nf5 23. Qxb7 Nxe3 24. Nc2 Nxc4 25. Nxa6 Bxb2 26. Rd1 Be5 27. a4
Nd2+ 28. Kc1 Rd8 29. Qb5 Qf4 30. Re1 Nf3+ 31. Re3 Rc8 32. Nc5 Nd4 33. Qb4 Rxc5
34. Qxc5 Nb3+ 35. Kd1 Nxc5 36. a5 Bd4 37. Nxd4 Qxe3 0-1

[Event "AUTO-OPEN-2587"]
[Site "http://www.queenalice.com/game.php?id=1206139"]
[Date "2013.8.8"]
[Round "3"]
[White "chein"]
[Black "R0ni"]
[Result "1-0"]
[WhiteElo "2252"]
[BlackElo "2639"]

1. e4 e5 2. Nf3 Nf6 3. Nc3 Nc6 4. Bb5 Bb4 5. O-O O-O 6. Bxc6 dxc6 7. Nxe5 Qe7 8.
Nd3 Ba5 9. Re1 Bg4 10. f3 Be6 11. Nf4 Rad8 12. d3 Bb6+ 13. Be3 Qb4 14. Qc1 Bxe3+
15. Rxe3 Bd7 16. Rb1 Rfe8 17. Re1 Qd4+ 18. Qe3 Qxe3+ 19. Rxe3 g5 20. Nfe2 Nd5
21. Nxd5 cxd5 22. Kf2 dxe4 23. Rxe4 f5 24. Rc4 Rc8 25. h4 h6 26. hxg5 hxg5 27.
Rh1 Kg7 28. f4 gxf4 29. Rd4 Re7 30. Nxf4 c5 31. Rd6 Rc6 32. Rhh6 Rxd6 33. Rxd6
Bc8 34. Rd8 Bd7 35. Nd5 Rf7 36. Ke3 Ba4 37. b3 Rd7 38. Rxd7+ Bxd7 39. Kf4 Kf7
40. Ke5 b6 41. Kd6 1-0

[Event "Challenge"]
[Site "http://www.queenalice.com/game.php?id=1221107"]
[Date "2013.9.30"]
[Round "-"]
[White "leandro10"]
[Black "R0ni"]
[Result "0-1"]
[WhiteElo "1448"]
[BlackElo "2649"]

1. e4 c5 2. f4 d5 3. e5 Nc6 4. Bb5 Bd7 5. Bxc6 Bxc6 6. d4 cxd4 7. Qxd4 e6 8. a3
Nh6 9. Nf3 Be7 10. h4 Nf5 11. Qf2 d4 12. g4 Qa5+ 13. b4 Bxb4+ 14. Nbd2 Bc3 15.
Rb1 Ne3 16. Rh3 Qa4 17. Rb3 Nxc2+ 18. Kf1 Ne3+ 19. Kg1 Rd8 20. Nxd4 Nxg4 21. Qg3
Qxd4+ 22. Kf1 Bxd2 23. Bxd2 Qxd2 24. Qxg4 Qc1+ 25. Kf2 Rd2+ 26. Ke3 Qe1+ 27. Qe2
Qxe2# 0-1

[Event "Challenge"]
[Site "http://www.queenalice.com/game.php?id=1223497"]
[Date "2013.10.10"]
[Round "-"]
[White "Leide_Cezar"]
[Black "R0ni"]
[Result "0-1"]
[WhiteElo "1250"]
[BlackElo "2650"]

1. d4 d5 2. e3 Nf6 3. Nf3 c5 4. dxc5 e6 5. b4 a5 6. Bb5+ Bd7 7. Bxd7+ Nfxd7 8.
c3 Nc6 9. Nd4 axb4 10. cxb4 Nxb4 11. Nb3 Nxc5 12. Nxc5 Bxc5 13. O-O Qf6 14. Qe2
Qxa1 15. Qb5+ Nc6 16. Qxb7 O-O 17. Qxc6 Rfc8 18. Qb5 Rab8 19. Qe2 Rxb1 20. Qc2
Rc7 21. g3 Bd6 22. Qa4 Rcxc1 23. Qa8+ Bf8 24. Qa6 Rxf1+ 25. Kg2 Rg1+ 26. Kh3 Qf6
27. Kg4 Qf5+ 0-1

[Event "Challenge"]
[Site "http://www.queenalice.com/game.php?id=1227916"]
[Date "2013.10.28"]
[Round "-"]
[White "R0ni"]
[Black "leandro10"]
[Result "1-0"]
[WhiteElo "2651"]
[BlackElo "1506"]

1. d4 d5 2. c4 Nf6 3. cxd5 Qxd5 4. Nc3 Qd6 5. Nf3 Qb4 6. a3 Qd6 7. e4 Ng8 8. Nd5
e6 9. Bf4 Qc6 10. Nxc7+ Ke7 11. d5 Qb6 12. Nxa8 Na6 13. Nxb6 axb6 14. dxe6 Bxe6
15. Qd6+ Ke8 16. Bb5+ Bd7 17. Qxd7# 1-0

[Event "2 x 0 para vc! ROni"]
[Site "http://www.queenalice.com/game.php?id=1231420"]
[Date "2013.11.10"]
[Round "-"]
[White "leandro10"]
[Black "R0ni"]
[Result "0-1"]
[WhiteElo "1487"]
[BlackElo "2652"]

1. e4 c5 2. e5 d6 3. f4 Nc6 4. Bb5 Bd7 5. Bxc6 Bxc6 6. Nf3 g6 7. O-O Bg7 8. d4
cxd4 9. Qxd4 Nh6 10. Na3 Nf5 11. Qd3 O-O 12. exd6 exd6 13. g4 Qb6+ 14. Kh1 Nh4
15. Nc4 Qd4 16. Nd2 Qxf4 17. h3 Qg3 18. Rg1 Qxh3# 0-1

[Event "2 x 0 para vc! ROni"]
[Site "http://www.queenalice.com/game.php?id=1231421"]
[Date "2013.11.10"]
[Round "-"]
[White "R0ni"]
[Black "leandro10"]
[Result "1-0"]
[WhiteElo "2653"]
[BlackElo "1513"]

1. d4 d5 2. c4 e6 3. Nc3 c6 4. Nf3 dxc4 5. a4 Bb4 6. e3 Bxc3+ 7. bxc3 Qa5 8. Qc2
Nf6 9. Bxc4 b5 10. Bd3 O-O 11. Ba3 Rd8 12. Be7 Nbd7 13. Bxd8 Qxd8 14. O-O g6 15.
axb5 cxb5 16. Bxb5 a6 17. Qe2 Bb7 18. Bxa6 Bxf3 19. Qxf3 Nd5 20. c4 Nb4 21. Bb5
Rb8 22. Ra7 Nb6 23. Qxf7+ Kh8 24. Qg7# 1-0

[Event "Challenge"]
[Site "http://www.queenalice.com/game.php?id=1233709"]
[Date "2013.11.20"]
[Round "-"]
[White "JeanCarloEspiritoSanto"]
[Black "R0ni"]
[Result "0-1"]
[WhiteElo "1061"]
[BlackElo "2624"]

1. d4 Nf6 2. Nf3 d5 3. Nc3 g6 4. Bg5 Bg7 5. e3 O-O 6. Bd3 c5 7. O-O cxd4 8. Nxd4
Nc6 9. Nf3 h6 10. Bxf6 Bxf6 11. a3 Be6 12. h3 Qb6 13. Rb1 Rad8 14. Re1 Bg7 15.
Ne2 Bc8 16. b3 e5 17. Nh4 e4 18. g4 Ne5 19. Nd4 exd3 20. cxd3 Qa6 21. f4 Nxd3
22. Rf1 Rfe8 23. Ng2 Rxe3 0-1